Animals by Phonetic Spelling - Statistics

General Stats
  • This quiz has been taken 414 times
    400 since last reset
  • The average score is 8 of 24
Answer Stats
IPA Spelling English Spelling % Correct
ˈdɑl.fɪn Dolphin
96%
gəˈzɛl Gazelle
80%
ˈlɪŋks Lynx
67%
ˈiː.ɡəl̩ Eagle
65%
ˈhɔːk Hawk
53%
ˈkʰweɪl Quail
44%
ˈwʊd.tʃək Woodchuck
39%
əˈɹ æŋ.əˌtæŋ Orangutan
34%
ˈʍeɪl Whale
33%
ˈdʒæɡ.wɑ˞ Jaguar
31%
ˈtʃiː.tə Cheetah
30%
məˈkɑːk Macaque
24%
ˈɔs.tɹ ɪdʒ Ostrich
24%
ˈpʰaɪ.θɑːn Python
24%
ˈdɑːx.sʊnt Dachshund
21%
ˈçjuː.mən̩ Human
18%
ˈfɛð.ə˞ˌbæk Featherback
14%
ˈθɹ ʌʃ Thrush
13%
ˌeɪ.ʒənˈkʰɑ˞p Asian Carp
12%
sɪˈkeɪ.ɾə Cicada
10%
ˈvə˞.vɪt Vervet
10%
kʰaɪˈjəʊ.ɾiː Coyote
6%
ˈʃæm.wɑː Chamois
5%
ˈæɾ.ə˞ Adder
4%
No matching quizzes found
Score Distribution
Percent of People with Each Score
Percentile by Number Answered
Your Score History
You have not taken this quiz since the last reset